| 000 | 00661cam a2200217 4500500 | ||
|---|---|---|---|
| 005 | 20260405000842.0 | ||
| 041 | _afre | ||
| 042 | _adc | ||
| 100 | 1 | 0 |
_aMarongiu, Jean-Baptiste _eauthor |
| 245 | 0 | 0 | _aAvital Ronell: “Je ne carbure pas au ressentiment” |
| 260 | _c2009. | ||
| 500 | _a90 | ||
| 690 | _aAddiction | ||
| 690 | _aAvital Ronelle | ||
| 690 | _aBêtise | ||
| 690 | _aDéconstruction | ||
| 690 | _aDerrida | ||
| 690 | _aPsychédélisme | ||
| 786 | 0 | _nPhilosophie magazine | 35 | 12 | 2009-12-01 | p. 28-30 | 1951-1787 | |
| 856 | 4 | 1 | _uhttps://shs.cairn.info/magazine-philosophie-magazine-2009-12-page-28?lang=fr&redirect-ssocas=7080 |
| 999 |
_c2041459 _d2041459 |
||